Statystyki dla 15 krajów o największej liczbie zgonów Covid19 - 29 mar 2021

Kliknij tutaj aby rozwiązać quiz!

Ogólne statystyki

  • Ten quiz został rozwiązany 21 razy
  • Średni wynik to 14 z 25

Statystyki odpowiedzi

kraj% Poprawnych
Polska
95%
Hiszpania
90%
Niemcy
90%
Rosja
90%
Stany Zjednoczone
90%
Włochy
90%
Brazylia
80%
Francja
80%
Indie
70%
Meksyk
70%
Wielka Brytania
70%
Argentyna
65%
Portugalia
60%
Czechy
50%
Słowacja
50%
Peru
40%
Węgry
40%
Belgia
35%
Kolumbia
35%
Republika
Południowej Afryki
30%
Słowenia
30%
Bośnia i Hercegowina
20%
Iran
20%
Bułgaria
10%
Macedonia Północna
5%

Rozkład punktacji

Percentyl według liczby udzielonych odpowiedzi

Procent ludzi z każdym wynikiem

Twoja historia wyników

Nie rozwiązałeś tego quizu